La revelation d'Hermes Trismegiste /

محفوظ في:

المؤلف الرئيسي: Festugiére, A. J. 1898-1982 (مؤلف)

التنسيق: كتاب

اللغة: French

منشور في: Paris : Les Belles Lettres, 1949-2014.

الموضوعات:

الوسوم: إضافة وسم

لا توجد وسوم, كن أول من يضع وسما على هذه التسجيلة!

رقم الطلب: BF1598 .H6 F42 v.1-3

LEADER 00828namaa2200229 4500
003 OSt
005 20250825080214.0
008 130303m19492014fr a 000 0 fre d
020 |a 9782251326740 
040 |c ARCE Library 
050 4 |a BF1598 .H6 F42 v.1-3 
100 1 |a Festugiére, A. J.   |q (André Jean),  |d 1898-1982,  |e author  |9 29972 
245 1 3 |a La revelation d'Hermes Trismegiste /  |c par A. J. Festugière. 
264 1 |a Paris :  |b Les Belles Lettres,  |c 1949-2014. 
300 |a 3 v. :   |b illustrations ;   |c 26 cm. 
500 |a Nouvelle edition revue et augmentee avec la collaboration de Concetta Luna, Henri Dominique Saffrey et Nicolas Roudet. 
600 0 0 |a Cyrian,  |c Saint,  |d -304‪  |x Legends.  |9 28508 
600 0 0 |a Hermes,‪  |c Trismegistus.‪ 
650 0 |a Occultism. 
901 |a reviewed 
942 |c BK  |2 lcc 
999 |c 8923  |d 8923